| 000 | 00961cam a22003257a 4500 | ||
|---|---|---|---|
| 003 | CHAP | ||
| 005 | 20220329142916.0 | ||
| 008 | 050207d2002 us a r 00110 eng d | ||
| 010 | _a89510 | ||
| 011 | _a90482 | ||
| 020 | _a084931284 | ||
| 035 | _a101038 | ||
| 040 | _cCHAP | ||
| 082 | 0 | 4 |
_a581.634 _bD8 2002 |
| 100 | 0 | 0 |
_aDuke, James A. _934436 |
| 245 | 1 | 0 |
_aHandbook of medicinal herbs _c/by James A. Duke (and others) |
| 250 | _a2ed. | ||
| 260 |
_aBoca Ratón : _bCRC Press, _c2002. |
||
| 300 |
_a870 p. : _bilus. |
||
| 590 |
_aBATCH-UPD _b10 _c20130110 _lUCH01 _h1136 |
||
| 590 |
_aBATCH-UPD _b10 _c20130410 _lUCH01 _h0723 |
||
| 590 |
_aBATCH-UPD _b10 _c20130914 _lUCH01 _h0742 |
||
| 590 |
_aCONVERSION _b10 _c20130109 _lUCH01 _h1350 |
||
| 650 | 1 | 4 |
_aBotánica médica. _914680 |
| 650 | 1 | 4 |
_aMedicina. _973899 |
| 901 | _aBK | ||
| 905 | _aAlejandra Carrasco M. | ||
| 942 | _cLIBRO | ||
| 949 |
_a581.634 D8 2002 _bBC _cC _d33724000944195 _eC _h104795 _i101038 _sb |
||
| 999 |
_c89510 _d89510 |
||